| 000 | 00000nam##2200000za#4500 |
| 001 | 9.573777 |
| 003 | CaOODSP |
| 005 | 20210624183849 |
| 007 | cr ||||||||||| |
| 008 | 150406|1991||||xxc|||||o f|0| 0 eng|d |
| 022 | |a1488-5379 |
| 040 | |aCaOODSP|beng |
| 043 | |an-cn--- |
| 086 | 1 |aFs97-6/1692E-PDF |
| 110 | 1 |aCanada. |bDepartment of Fisheries and Oceans. |
| 245 | 10|aGuidelines for the protection of fish and fish habitat during bridge maintenance operations in British Columbia / |h[electronic resource]|cby S.C. Samis, M.D. Nassichuk and B.J. Reid. |
| 260 | |aVancouver - British Columbia : |bFisheries and Oceans Canada |cJanuary 1991. |
| 300 | |a72p.|bfigs., map, references, tables |
| 490 | 1 |aCanadian technical report of fisheries and aquatic sciences|x1488-5379|vNo. 1692 |
| 500 | |aThe catalogue number (Fs97-6/1692) and ISSN (0706-6457) for the print edition have been incorrectly copied in this electronic publication. |
| 546 | |a(Résumé en français) |
| 590 | |a12-22-Supp|b2012-05-24 |
| 720 | 1 |aSamis, S. C. |
| 720 | 1 |aReid, B. J. |
| 720 | 1 |aNassichuk, M. D. |
| 776 | 0#|tGuidelines for the protection of fish and fish habitat during bridge maintenance operations in British Columbia / |w(CaOODSP)9.608903 |
| 830 | #0|aCanadian technical report of fisheries and aquatic sciences,|x1488-5379|vNo. 1692|w(CaOODSP)9.504449 |
| 856 | 40|ahttp://publications.gc.ca|qPDF|s3.29 MB|uhttps://publications.gc.ca/collections/collection_2012/mpo-dfo/Fs97-6-1692-eng.pdf|yNo. 1692 |